[Event "FICGS rapid M 000049 email"]
[Site "FICGS email"]
[Date "2011.11.10"]
[Round "1"]
[White "Groves, Donald"]
[Black "Kuster, Zeljko"]
[Result "1/2-1/2"]
[WhiteElo "2124"]
[BlackElo "2132"]
[PlyCount "36"]
[EventDate "2011.??.??"]
[EventType "tourn (rapid)"]
[EventRounds "4"]
[SourceTitle "Corr 2013"]
[Source "ChessBase"]
[SourceDate "2012.11.12"]
[SourceVersion "1"]
[SourceVersionDate "2012.11.12"]
[SourceQuality "1"]

1. Nf3 Nf6 2. g3 g6 3. Bg2 Bg7 4. c4 c5 5. Nc3 Nc6 6. 0-0 0-0 7. d4 cxd4 8. Nxd4 Nxd4 9. Qxd4 d6 10. Bg5 h6 11. Bxf6 Bxf6 12. Qd2 Qa5 13. Rad1 Kg7 14. Ne4 Qxd2 15. Rxd2 Rb8 16. Nxf6 Kxf6 17. a4 b6 18. b3 Bd7 1/2-1/2

[Event "FICGS rapid M 000049 email"]
[Site "FICGS email"]
[Date "2011.11.10"]
[Round "1"]
[White "Reid, Malcolm"]
[Black "Groves, Donald"]
[Result "0-1"]
[WhiteElo "2167"]
[BlackElo "2124"]
[PlyCount "100"]
[EventDate "2011.??.??"]
[EventType "tourn (rapid)"]
[EventRounds "4"]
[SourceTitle "Corr 2013"]
[Source "ChessBase"]
[SourceDate "2012.11.12"]
[SourceVersion "1"]
[SourceVersionDate "2012.11.12"]
[SourceQuality "1"]

1. e4 e6 2. b3 d5 3. Bb2 dxe4 4. Nc3 Nf6 5. Qe2 Be7 6. 0-0-0 a5 7. a4 b6 8. d3 Ba6 9. Nxe4 0-0 10. Qf3 Nbd7 11. Ne2 c6 12. Nd4 Bb7 13. Be2 b5 14. h4 bxa4 15. bxa4 Rb8 16. h5 Qb6 17. Qg3 h6 18. Nb3 c5 19. Ned2 Bd5 20. Nc4 Qb4 21. Rh4 Qxa4 22. Kd2 Bxc4 23. Ra1 Qb4+ 24. Bc3 Qxc3+ 25. Kxc3 Nd5+ 26. Kd2 Bxb3 27. cxb3 Bxh4 28. Qxh4 Rxb3 29. Ke1 Rb4 30. Qg3 Nf4 31. d4 Nxe2 32. Kxe2 cxd4 33. Rxa5 Rb2+ 34. Kf1 Rfb8 35. Ra1 Nf6 36. Rd1 R8b5 37. Qa3 e5 38. Qd3 Nxh5 39. g3 Nf6 40. Qf5 Rc5 41. Ra1 Rb8 42. Qd3 Rd8 43. Ra7 e4 44. Qb1 d3 45. Qb7 Rf8 46. Ra2 Kh7 47. Kg2 Rd8 48. Qb4 Rdc8 49. Ra6 R5c6 50. Rxc6 Rxc6 0-1

[Event "FICGS rapid silver 000072 email"]
[Site "FICGS email"]
[Date "2011.09.04"]
[Round "1"]
[White "Bernal Varela, Nelson"]
[Black "Groves, Donald"]
[Result "1/2-1/2"]
[WhiteElo "2174"]
[BlackElo "2078"]
[PlyCount "114"]
[EventDate "2011.??.??"]
[EventType "match (rapid)"]
[EventRounds "2"]
[SourceTitle "Corr 2013"]
[Source "ChessBase"]
[SourceDate "2012.11.12"]
[SourceVersion "1"]
[SourceVersionDate "2012.11.12"]
[SourceQuality "1"]

1. e4 e6 2. d4 d5 3. Nd2 c5 4. Ngf3 Nf6 5. e5 Nfd7 6. c3 Nc6 7. Bd3 Be7 8. 0-0 a5 9. Nb1 0-0 10. Na3 f6 11. exf6 Nxf6 12. Qe2 Bd7 13. Bd2 Qb6 14. Be3 c4 15. Bc2 Ng4 16. Bg5 Bxa3 17. bxa3 Qc7 18. Rfe1 h6 19. h3 Nxf2 20. Qxf2 hxg5 21. Qe3 g4 22. Ng5 Qf4 23. Qxf4 Rxf4 24. Rab1 Nd8 25. g3 Rf8 26. hxg4 b5 27. Bh7+ Kh8 28. Rb2 Rf6 29. Bb1 Kg8 30. Kg2 Rb8 31. Bh7+ Kf8 32. Bb1 Kg8 33. Bh7+ Kf8 34. Bc2 Rh6 35. Nf3 Nc6 36. g5 Rh5 37. Reb1 Ke7 38. Bd1 Rhh8 39. Rxb5 Rxb5 40. Rxb5 Nxd4 41. Nxd4 Bxb5 42. Nxb5 e5 43. a4 Kd7 44. Bc2 Kc6 45. Bg6 Rd8 46. Kf2 d4 47. Ke1 Kc5 48. Be4 dxc3 49. g6 Kb4 50. Bc2 Rd2 51. a3+ Kc5 52. Be4 Ra2 53. g4 Ra1+ 54. Ke2 Rg1 55. Nxc3 Rxg4 56. Ke3 Rg3+ 57. Kd2 Rh3 1/2-1/2

[Event "FICGS class A 000102 email"]
[Site "FICGS email"]
[Date "2011.08.08"]
[Round "1"]
[White "Riha, Josef"]
[Black "Groves, Donald"]
[Result "1/2-1/2"]
[WhiteElo "2022"]
[BlackElo "2058"]
[PlyCount "80"]
[EventDate "2011.??.??"]
[EventType "tourn (corr)"]
[EventRounds "6"]
[SourceTitle "Corr 2013"]
[Source "ChessBase"]
[SourceDate "2012.11.12"]
[SourceVersion "1"]
[SourceVersionDate "2012.11.12"]
[SourceQuality "1"]

1. d4 Nf6 2. c4 e6 3. Nf3 Bb4+ 4. Nc3 b6 5. Qb3 Bxc3+ 6. Qxc3 0-0 7. Bg5 h6 8. Bh4 d6 9. e3 Bb7 10. Bd3 g5 11. Bg3 Ne4 12. Bxe4 Bxe4 13. 0-0-0 Qf6 14. Ne1 h5 15. h4 g4 16. f3 Bh7 17. Nd3 gxf3 18. gxf3 Qxf3 19. Bf4 Nd7 20. Bh6 Rfe8 21. Nf4 Bg6 22. Nxg6 fxg6 23. Qd3 Qf5 24. e4 Qf7 25. Rhf1 Qh7 26. Qe3 e5 27. d5 Re7 28. Rd2 Rf7 29. Rxf7 Qxf7 30. Rf2 Qe7 31. Bg5 Qh7 32. Qh3 Re8 33. b4 Qg7 34. Qe3 Kh7 35. Qh3 a5 36. a3 Rf8 37. Rxf8 Nxf8 38. bxa5 bxa5 39. Qc8 Qf7 40. Kb2 Qf2+ 1/2-1/2

[Event "FICGS class A 000101 email"]
[Site "FICGS email"]
[Date "2011.08.03"]
[Round "1"]
[White "Groves, Donald"]
[Black "Richard, Andy"]
[Result "1-0"]
[WhiteElo "2058"]
[BlackElo "2000"]
[PlyCount "47"]
[EventDate "2011.??.??"]
[EventType "tourn (corr)"]
[EventRounds "6"]
[SourceTitle "Corr 2013"]
[Source "ChessBase"]
[SourceDate "2012.11.12"]
[SourceVersion "1"]
[SourceVersionDate "2012.11.12"]
[SourceQuality "1"]

1. e4 e6 2. d4 d5 3. Nc3 h6 4. Bd3 Nc6 5. Nf3 Nb4 6. Bb5+ c6 7. Be2 Nf6 8. e5 Ne4 9. a3 Nxc3 10. bxc3 Na6 11. 0-0 c5 12. c4 Nc7 13. cxd5 exd5 14. c4 dxc4 15. Qc2 b5 16. Rd1 Bb7 17. a4 a6 18. dxc5 Qc8 19. c6 Bxc6 20. e6 Bd5 21. exf7+ Kxf7 22. Bf4 Be6 23. Bxc7 Qxc7 24. Nd4 1-0

[Event "FICGS class A 000101 email"]
[Site "FICGS email"]
[Date "2011.08.03"]
[Round "1"]
[White "Mamrukov, Dmitri"]
[Black "Groves, Donald"]
[Result "1/2-1/2"]
[WhiteElo "2167"]
[BlackElo "2058"]
[PlyCount "79"]
[EventDate "2011.??.??"]
[EventType "tourn (corr)"]
[EventRounds "6"]
[SourceTitle "Corr 2013"]
[Source "ChessBase"]
[SourceDate "2012.11.12"]
[SourceVersion "1"]
[SourceVersionDate "2012.11.12"]
[SourceQuality "1"]

1. d4 d5 2. c4 c6 3. Nf3 Nf6 4. e3 Bg4 5. Qb3 Qb6 6. Nc3 e6 7. Nh4 Bh5 8. h3 Qxb3 9. axb3 Na6 10. g4 Nb4 11. Ke2 g5 12. gxh5 gxh4 13. Bg2 Nxh5 14. Bd2 Kd7 15. Ra4 a5 16. c5 Be7 17. Rha1 Nc2 18. Rc1 Nb4 19. Bf3 Nf6 20. Na2 b6 21. Nxb4 axb4 22. Bxb4 bxc5 23. dxc5 Rhb8 24. Bc3 Ne8 25. Rxa8 Rxa8 26. b4 Bf6 27. Kd3 Bxc3 28. Kxc3 Nf6 29. Rd1 Ke7 30. Re1 e5 31. b5 cxb5 32. Kb4 Ra2 33. Rb1 Ra8 34. Kxb5 Rb8+ 35. Ka5 e4 36. Bg4 Nxg4 37. hxg4 Kd7 38. b4 Ra8+ 39. Kb5 Rb8+ 40. Ka4 1/2-1/2

[Event "FICGS class A 000099 email"]
[Site "FICGS email"]
[Date "2011.07.15"]
[Round "1"]
[White "Groves, Donald"]
[Black "Mamrukov, Dmitri"]
[Result "1/2-1/2"]
[WhiteElo "2058"]
[BlackElo "2167"]
[PlyCount "46"]
[EventDate "2011.??.??"]
[EventType "tourn (corr)"]
[EventRounds "6"]
[SourceTitle "Corr 2013"]
[Source "ChessBase"]
[SourceDate "2012.11.12"]
[SourceVersion "1"]
[SourceVersionDate "2012.11.12"]
[SourceQuality "1"]

1. e4 c6 2. d4 d5 3. Nc3 dxe4 4. Nxe4 Bf5 5. Ng3 Bg6 6. Nf3 Nd7 7. Bd3 e6 8. Bf4 Ngf6 9. Bxg6 hxg6 10. 0-0 Nd5 11. Bg5 Be7 12. Bxe7 Nxe7 13. Ne4 0-0 14. Qe2 Nf5 15. c3 Qc7 16. Rfe1 Rad8 17. Rad1 Rfe8 18. Neg5 Nd6 19. Qd3 Qa5 20. b3 Qxa2 21. Ne5 Qxb3 22. Nxd7 Rxd7 23. Qh3 Nf5 1/2-1/2

[Event "FICGS class A 000099 email"]
[Site "FICGS email"]
[Date "2011.07.15"]
[Round "1"]
[White "Groves, Donald"]
[Black "Riha, Josef"]
[Result "1/2-1/2"]
[WhiteElo "2058"]
[BlackElo "2022"]
[PlyCount "69"]
[EventDate "2011.??.??"]
[EventType "tourn (corr)"]
[EventRounds "6"]
[SourceTitle "Corr 2013"]
[Source "ChessBase"]
[SourceDate "2012.11.12"]
[SourceVersion "1"]
[SourceVersionDate "2012.11.12"]
[SourceQuality "1"]

1. e4 e5 2. Nf3 Nc6 3. Bb5 a6 4. Bxc6 dxc6 5. 0-0 f6 6. d4 Bg4 7. c3 Bd6 8. Be3 Ne7 9. dxe5 Bxe5 10. Nbd2 Bd6 11. Qb3 Qc8 12. Rfe1 Be6 13. c4 0-0 14. Qc3 c5 15. e5 fxe5 16. Bxc5 Bxc5 17. Qxe5 Bxf2+ 18. Kxf2 Rf6 19. Ne4 Rf5 20. Nd6 cxd6 21. Qxe6+ Rf7 22. Rad1 Qc5+ 23. Kg3 h6 24. h3 Nf5+ 25. Kh2 Raf8 26. Re2 Kh7 27. Qd5 Qc7 28. Nd4 Nxd4 29. Rxd4 Rf2 30. Rxf2 Rxf2 31. b3 Rxa2 32. Qxd6 Qf7 33. Qg3 Rf2 34. b4 Qf5 35. Rg4 1/2-1/2

[Event "FICGS class A 000097 email"]
[Site "FICGS email"]
[Date "2011.07.02"]
[Round "1"]
[White "Groves, Donald"]
[Black "Domingo Gadea, Jordi"]
[Result "1-0"]
[WhiteElo "2058"]
[BlackElo "1920"]
[PlyCount "55"]
[EventDate "2011.??.??"]
[EventType "tourn (corr)"]
[EventRounds "1"]
[SourceTitle "Corr 2013"]
[Source "ChessBase"]
[SourceDate "2012.11.12"]
[SourceVersion "1"]
[SourceVersionDate "2012.11.12"]
[SourceQuality "1"]

1. Nf3 h6 2. e4 g5 3. d4 c5 4. dxc5 Nc6 5. h4 gxh4 6. Rxh4 e6 7. Bg5 Qa5+ 8. Nc3 Bxc5 9. e5 b5 10. a3 Qb6 11. Qd2 Bb7 12. Rd1 Nce7 13. b4 Bxf3 14. bxc5 Qc7 15. Bxe7 Bxd1 16. Bd6 Qd8 17. Nxb5 Qxh4 18. Nc7+ Kd8 19. c6 Bh5 20. g4 Qg5 21. Be7+ Qxe7 22. Nxa8 Ke8 23. cxd7+ Qxd7 24. Bb5 Qxb5 25. Nc7+ Kf8 26. Nxb5 Bg6 27. Qd6+ Kg7 28. Nc7 1-0

[Event "FICGS class A 000097 email"]
[Site "FICGS email"]
[Date "2011.07.02"]
[Round "1"]
[White "Groves, Donald"]
[Black "Soszynski, Marek J"]
[Result "1/2-1/2"]
[WhiteElo "2058"]
[BlackElo "2080"]
[PlyCount "64"]
[EventDate "2011.??.??"]
[EventType "tourn (corr)"]
[EventRounds "1"]
[SourceTitle "Corr 2013"]
[Source "ChessBase"]
[SourceDate "2012.11.12"]
[SourceVersion "1"]
[SourceVersionDate "2012.11.12"]
[SourceQuality "1"]

1. Nf3 d5 2. d4 Nf6 3. c4 e6 4. Nc3 c6 5. e3 Nbd7 6. Qc2 Bd6 7. Bd3 0-0 8. 0-0 dxc4 9. Bxc4 b5 10. Bd3 Bb7 11. Ng5 Bxh2+ 12. Kxh2 Ng4+ 13. Kg1 Qxg5 14. f3 Ngf6 15. e4 Qh4 16. Be3 e5 17. Ne2 a5 18. Rfd1 Nh5 19. g4 Ng3 20. Kg2 Nxe2 21. Bxe2 Qf6 22. g5 Qg6 23. dxe5 Nxe5 24. Kg3 Rae8 25. Rac1 h6 26. f4 f5 27. Bc5 fxe4 28. Qb3+ Rf7 29. fxe5 Rxe5 30. Kh2 Rxg5 31. Rd6 Qf5 32. Rf1 Qe5+ 1/2-1/2

[Event "FICGS class A 000097 email"]
[Site "FICGS email"]
[Date "2011.07.02"]
[Round "1"]
[White "Kasznia, Ireneusz"]
[Black "Groves, Donald"]
[Result "1/2-1/2"]
[WhiteElo "2019"]
[BlackElo "2058"]
[PlyCount "76"]
[EventDate "2011.??.??"]
[EventType "tourn (corr)"]
[EventRounds "1"]
[SourceTitle "Corr 2013"]
[Source "ChessBase"]
[SourceDate "2012.11.12"]
[SourceVersion "1"]
[SourceVersionDate "2012.11.12"]
[SourceQuality "1"]

1. d4 Nf6 2. c4 e6 3. Nc3 d5 4. Bg5 Be7 5. Nf3 h6 6. Bxf6 Bxf6 7. e3 0-0 8. Qd2 dxc4 9. Bxc4 c5 10. dxc5 Nd7 11. Ne4 Be7 12. 0-0 Nxc5 13. Nxc5 Qxd2 14. Nxd2 Bxc5 15. Rfd1 Be7 16. Ne4 b6 17. b3 Rb8 18. Bb5 Bb4 19. h3 Bb7 20. a3 Bxa3 21. Rxa3 Bxe4 22. Rd4 Bc2 23. Rd2 Rfc8 24. Rxa7 Bxb3 25. Rdd7 Rf8 26. f3 g5 27. e4 e5 28. Re7 Be6 29. Bd7 Bxd7 30. Rexd7 h5 31. Kh2 h4 32. Rd5 Rbe8 33. Rb7 Re6 34. Rdd7 Kg7 35. Kg1 Rc6 36. Kh2 Kf6 37. Kg1 Kg6 38. Kh2 Kf6 1/2-1/2

[Event "FICGS class A 000097 email"]
[Site "FICGS email"]
[Date "2011.07.02"]
[Round "1"]
[White "Riha, Josef"]
[Black "Groves, Donald"]
[Result "1-0"]
[WhiteElo "2022"]
[BlackElo "2058"]
[PlyCount "101"]
[EventDate "2011.??.??"]
[EventType "tourn (corr)"]
[EventRounds "1"]
[SourceTitle "Corr 2013"]
[Source "ChessBase"]
[SourceDate "2012.11.12"]
[SourceVersion "1"]
[SourceVersionDate "2012.11.12"]
[SourceQuality "1"]

1. c4 e5 2. Nc3 d6 3. e3 f5 4. d4 Nf6 5. Nf3 e4 6. Ng5 Be7 7. Be2 0-0 8. 0-0 h6 9. Nh3 g5 10. f3 exf3 11. gxf3 c6 12. Nf2 Na6 13. Bd2 Be6 14. a3 Qd7 15. e4 Rae8 16. d5 Bf7 17. f4 gxf4 18. Bxf4 Kh7 19. exf5 Rg8+ 20. Bg3 Bd8 21. Kh1 cxd5 22. cxd5 Nxd5 23. Nfe4 Nxc3 24. Nxc3 Re3 25. Bb5 Qc8 26. Rc1 Nc5 27. Qxd6 b6 28. Bf4 Rh3 29. Rcd1 a6 30. Be2 Bb3 31. Rd4 Rg7 32. Rg1 Qb7+ 33. Nd5 Bg5 34. Bxg5 Ne4 35. Bxa6 Qa8 36. Qe5 Bxd5 37. Qxd5 Nf2+ 38. Kg2 Rxg5+ 39. Kxf2 Rxh2+ 40. Kf1 Qxa6+ 41. Rc4 Rc2 42. Qf7+ Kh8 43. Rxg5 Qxc4+ 44. Qxc4 Rxc4 45. Rg6 Rc1+ 46. Kf2 Rc2+ 47. Ke3 Rxb2 48. f6 Rc2 49. Kf4 Rc7 50. Ke5 Kh7 51. Rg1 1-0